|
|
|
|
| LEADER |
00000nam0a2200000 4500 |
| 001 |
280222 |
| 005 |
20231101235302.0 |
| 035 |
|
|
|a (RuTPU)RU\TPU\book\303531
|
| 090 |
|
|
|a 280222
|
| 100 |
|
|
|a 20141226d1986 k y0rusy50 ca
|
| 101 |
0 |
|
|a rus
|
| 102 |
|
|
|a RU
|
| 105 |
|
|
|a a z 001zy
|
| 200 |
1 |
|
|a Фазовые диаграммы и термодинамика оксидных твердых растворов
|f С. А. Суворов, Е. Г. Семин, В. В. Гусаров
|
| 210 |
|
|
|a Ленинград
|c Изд-во Ленинградского ун-та
|d 1986
|
| 215 |
|
|
|a 139 с.
|c ил.
|
| 320 |
|
|
|a Библиогр.: с. 128-138
|
| 606 |
1 |
|
|a Фазовые диаграммы
|2 stltpush
|3 (RuTPU)RU\TPU\subj\70665
|9 84870
|
| 610 |
1 |
|
|a термодинамика
|
| 610 |
1 |
|
|a оксидные расплавы
|
| 610 |
1 |
|
|a твердые растворы
|
| 610 |
1 |
|
|a окислы
|
| 675 |
|
|
|a 544.34
|v 4
|
| 700 |
|
1 |
|a Суворов
|b С. А.
|g Станислав Алексеевич
|
| 701 |
|
1 |
|a Семин
|b Е. Г.
|g Евгений Геннадьевич
|
| 701 |
|
1 |
|a Гусаров
|b В. В.
|g Виктор Владимирович
|
| 801 |
|
1 |
|a RU
|b 63413507
|c 20141226
|
| 801 |
|
2 |
|a RU
|b 63413507
|c 20180207
|g RCR
|
| 942 |
|
|
|c BK
|